| 000 | 00361cam a2200121ua 4500 | ||
|---|---|---|---|
| 082 |
_a930 _bPOD/CH |
||
| 100 |
_aPodosetnic, V . _91774 |
||
| 245 | _aCharitrathinte Bhoutikavyakhyanam Oru Puthu Veekshanam / | ||
| 260 |
_aKottayam : _bPrabhatham Printing and Publishing Co. Pvt. Ltd. , _c1967. |
||
| 300 | _a186 ; . | ||
| 700 | 1 |
_aSpirkin, A . _91775 |
|
| 942 | _cBK | ||
| 999 |
_c4910 _d4910 |
||